| 000 | 00917nam a22003017a 4500 | ||
|---|---|---|---|
| 003 | CHAP | ||
| 005 | 20220329140720.0 | ||
| 008 | 971013c19841978su a r 00010 spa d | ||
| 010 | _a56442 | ||
| 011 | _a57414 | ||
| 035 | _a61569 | ||
| 040 | _cCHAP | ||
| 090 | _aFolleto 8994y | ||
| 100 | 0 | 0 |
_aSmogorzhevski, A. S. _9107194 |
| 245 | 1 | _aAcera de la geometría de Lobachevski | |
| 260 |
_aMoscú : _bMIR, _c1984 [c.1978] |
||
| 300 |
_a80 p. : _bilus. |
||
| 490 | 0 | _aLecciones populares de matemáticas | |
| 590 |
_aBATCH-UPD _b10 _c20130110 _lUCH01 _h0821 |
||
| 590 |
_aBATCH-UPD _b10 _c20130410 _lUCH01 _h0458 |
||
| 590 |
_aBATCH-UPD _b10 _c20130914 _lUCH01 _h1540 |
||
| 590 |
_aCONVERSION _b10 _c20130109 _lUCH01 _h1330 |
||
| 650 | 1 | 4 |
_aGeometría. _947652 |
| 830 | 0 |
_aLecciones populares de matemáticas _965355 |
|
| 901 | _aBK | ||
| 942 | _cFOLL | ||
| 949 |
_aFolleto 8994y _bBC _cFOLL _d-132227 _eTS1 _gI.c/e _i61569 _si |
||
| 999 |
_c56442 _d56442 |
||